Score 0/65 Timer 05:00
1 Play Today
Song Example Lyrics % Correct
Summer NightsAs, Away, Around, At, Arcade...
97%
Greased LightningAutomatic, Are, And, Ain't, At...
96.9%
You're The One That I WantAre, Affection, A, About, And
96.9%
Summer NightsSplashing, Sweet, Seams, Strolling, Spend...
94.3%
Summer NightsBoy, Bowling, Brag, Blast, Begun...
93.8%
Summer NightsTrue, Thing, Turned, Ten, Those...
93.7%
You're The One That I WantIf, I'm, Inside, It's, Indeed..
93.1%
Summer NightsIn, It, I
93%
Greased LightningInch, I, It's, Injection, Is...
92.8%
You're The One That I WantTell, They're, That, Too, True...
92.3%
You're The One That I WantYour, Yes, You, You're
92%
Greased LightningYeah, You, You're
90.6%
Greased LightningGet, Getting, Grease, Go
90.4%
You're The One That I WantMeditate, Must, Me, My, Multiplyin'...
90%
Summer NightsMuch, More, Meet, Mean, More...
89.3%
Summer NightsYou
89.3%
Summer NightsHeat, Hand, Holding, Have, Happened...
88.4%
Summer NightsFriend, Friendly, Fling, Fight, First...
87%
Greased LightningThirty, Trial, They'll, Talking, This...
86.3%
Summer NightsDock, Drank, Drifting, Dreams, Days...
86.1%
You're The One That I WantOn, Oo, Oh, One
86%
Greased LightningOh, Of, Off, On, Overhead
85.4%
Summer NightsLemonade, Love, Life, Like, Lovin'
84.8%
Summer NightsColder, Cute, Cramp, Car, Crazy...
84.3%
Summer NightsWonder, We'd, What, Was, Well-a...
83.2%
Summer NightsUh, Up, Under
81.2%
Summer NightsGood, Gotta, Got, Get, Girl
80.9%
Greased LightningBaby, Bragging, Burning, Be, Barrel
80.6%
You're The One That I WantCan, Convey, 'Cause, Control, Chills
77.9%
Greased LightningWagon, With, Woah, We'll, Waiting...Why
74.2%
You're The One That I WantBe, Better
73.5%
Greased LightningCar, Chicks'll, Coasting, Chrome, Cutoff...
73.4%
You're The One That I WantDirection, Do, Down, Deep
73%
Song Example Lyrics % Correct
Summer NightsOur, Oh, Out, Off, O'clock
72.7%
You're The One That I WantWho, Way, With, Want
72%
Summer NightsNights, Nearly, Now
67.7%
You're The One That I WantUp, Understand
67.6%
You're The One That I WantFaith, Feel, Filled, For
66.6%
Greased LightningLights, Lap, Loads, Lifting, Lightning
65.6%
Greased LightningShocks, Supreme, Speed, Some, Systematic...
65.5%
Greased LightningUp
64.6%
You're The One That I WantSatisfied, Sure, Shape, Shy, Supplyin'...
60.7%
Summer NightsJust
58.6%
You're The One That I WantHeart, Honey
56.5%
You're The One That I WantNothin', Need
56.3%
Greased LightningKeep, Kill, Know
55.6%
Summer NightsVow, Very
50.1%
Greased LightningNo, New
49.2%
You're The One That I WantLosin', Left
48.8%
You're The One That I WantElectrifyin'
48.7%
You're The One That I WantProve, Power
47.7%
Greased LightningMoney, Mile, Muffler
46%
You're The One That I WantGonna, Got
45.8%
Greased LightningHeat, Hydromatic
45.3%
You're The One That I WantKeep
36.4%
Greased LightningRight, Real, Rocks, Rods
29.3%
Summer NightsEnds, Eighteen
28.1%
Summer NightsKnow
27.8%
Summer NightsRan, Ripped
27.5%
Greased LightningFour, Floor, Fuel, French, Fins
27.2%
Greased LightningQuarter, Quads
26.8%
Summer NightsPut
25.8%
Greased LightningPlugs, Pistons, Palomino, Purple, Plated...
21.1%
Greased LightningDual, Dashboard, Door
15.9%
You're The One That I WantJustified
10.7%
Remove Ads.
Support Sporcle.
Get the best of Sporcle when you Go Orange. This ad-free experience offers more features, more stats, and more fun while also helping to support Sporcle. Thank you for becoming a member.

You're not logged in!

Compare scores with friends on all Sporcle quizzes.
OR
Log In

Show Comments

Extras

Top Quizzes Today


Score Distribution

Your Account Isn't Verified!

In order to create a playlist on Sporcle, you need to verify the email address you used during registration. Go to your Sporcle Settings to finish the process.

Report this User

Report this user for behavior that violates our Community Guidelines.

Details: